Delitos contra la libertad sexual /
Saved in:
| Corporate Author: | |
|---|---|
| Other Authors: | |
| Format: | Book |
| Language: | Spanish |
| Published: |
Madrid :
Consejo General del Poder Judicial,
1999.
|
| Series: | Estudios de derecho judicial ;
21. |
| Subjects: | |
| Tags: |
Add Tag
No Tags, Be the first to tag this record!
|
| LEADER | 00923nam a2200265 a 4500 | ||
|---|---|---|---|
| 001 | 008676972-3 | ||
| 005 | 20061214122504.0 | ||
| 008 | 030421s1999 sp b f000 0 spa d | ||
| 020 | |a 848932493X | ||
| 035 | 0 | |a ocn237391974 | |
| 040 | |a NNC-L |c NNC-L |d MH-L | ||
| 043 | |a e-sp--- | ||
| 245 | 0 | 0 | |a Delitos contra la libertad sexual / |c director, José Luis Díez Ripollés. |
| 260 | |a Madrid : |b Consejo General del Poder Judicial, |c 1999. | ||
| 300 | |a 373 p. ; |c 22 cm. | ||
| 490 | 1 | |a Estudios de derecho judicial, |x 1137-3520 ; |v 21 | |
| 500 | |a At head of cover title: Escuela Judicial, Consejo General del Poder Judicial. | ||
| 504 | |a Includes bibliographical references. | ||
| 650 | 0 | |a Sex crimes |z Spain. | |
| 650 | 0 | |a Child sexual abuse |z Spain. | |
| 700 | 1 | |a Díez Ripollés, José Luis. | |
| 710 | 2 | |a Escuela Judicial (Spain) | |
| 830 | 0 | |a Estudios de derecho judicial ; |v 21. |x 1137-3520 | |
| 988 | |a 20020608 | ||
| 906 | |0 OCLC | ||


